| 000 | 00603nam a2200181 i 4500 | ||
|---|---|---|---|
| 001 | 56650 | ||
| 003 | ES-MaACL | ||
| 005 | 20230906163422.0 | ||
| 007 | t| | ||
| 008 | 031010s1972 sp ||||1| spa d | ||
| 100 | 1 |
_aDiefenbach, Werner W. _944534 |
|
| 245 | 1 | 0 |
_aAntenas de onda corta y ultra corta para radioaficionados / _cWerner W. Diefenbach ; versión Henri Rossier y L. Ibañez Morlán. |
| 260 |
_aBarcelona : _bMarcombo, _c[1972] |
||
| 300 |
_a138 p. : _bil. ; _c17 cm. |
||
| 700 | 1 |
_aRossier, Henri. _999895 |
|
| 700 | 1 |
_aIbáñez Morlán, Luis. _964937 |
|
| 852 |
_aES-MaACL _jC-52139 _bR.84015 |
||
| 999 |
_c56650 _d56650 |
||